| 000 | 00542nam a2200181Ia 4500 | ||
|---|---|---|---|
| 003 | GCL | ||
| 008 | 140319s9999 xx 000 0 eng d | ||
| 040 |
_aGCL / _cGCL |
||
| 082 | 0 | 4 |
_a016.91653 _bF B |
| 100 | 1 | _aFAROOQ A. SHARIEF | |
| 245 | 1 | 0 |
_aBIBLIOGRAPHY OF THE GEOLOGY OF THE ARABIAN GULF AND ADJACENT AREAS / _cFAROOQ A. SHARIEF |
| 700 | 1 | _aHASSAN NAJI | |
| 260 |
_aالرياض : _bSCIENTIFIC PUBLISHING CENTRE |
||
| 300 |
_a24 CM ؛ _c223 P |
||
| 650 | 0 | 4 | _aBIBLIOGRAPHIES |
| 650 | 0 | 4 | _aBIBLIOGRAPHY - ARABIAN GULF |
| 942 |
_2ddc _cBK |
||
| 999 |
_c7054 _d7054 |
||